000 01419nam a2200301Ia 4500
003 PE SENCICO BE
005 20260415165406.0
008 260415s9999 xx 000 0 und d
020 _a9972-9286-4-0
040 _aPE SENCICO BE
_cPE SENCICO BE
041 _aspa
082 _a620
_bG21 2006
100 1 _aGallegos, Héctor
_9194
_eautor
245 1 0 _aLa Ingeniería /
_cHéctor Gallegos
250 _a2a ed.
260 _aLima :
_bGCAQ fondo editorial ;
_c2006
300 _a474 páginas :
_bcuadros ;
_c20 cm.
505 0 _aLa ingeniería – Ingeniería y ciencia – Ingeniería y tecnología – Ingeniería y desarrollo – El ingeniero – Ingeniería en el mundo – Ingeniería en el antiguo Perú – Ingeniería en el Perú – El diseño – Las fallas – Los códigos – Educación del ingeniero – Ética del ingeniero.
520 3 _aEnseña, de manera ordenada, lo que es la ingeniería. Explica la ética que debe acompañar la vida profesional del ingeniero. Explica acerca de las pruebas del diseño y la factibilidad, y hace un recorrido histórico por la ingeniería en el antiguo Perú, en el siglo XIX y el siglo XX
650 1 0 _aIngeniería
_9380
650 2 0 _aDiseño en ingeniería
_9381
650 2 0 _aEducación superior
_9382
650 2 0 _aHistoria
_9383
650 2 0 _aIngenieros
_9384
650 2 0 _aFallas (Geología)
_9386
651 0 _aPerú
_9385
942 _cLIB
_2ddc
999 _c9871
_d9871